[Event "World Team-ch 2017"]
[Site "Khanty-Mansyisk"]
[Date "2017.06.19"]
[Round "3"]
[White "Yu, Yangyi"]
[Black "Akobian, Varuzhan"]
[Result "1/2-1/2"]
[WhiteElo "2749"]
[BlackElo "2673"]
[Annotator "TA"]
[PlyCount "45"]
[EventDate "2017.??.??"]
[EventType "team-tourn"]
[EventCountry "RUS"]
[SourceTitle "playchess.com"]
[Source "ChessBase"]
[SourceQuality "1"]
[WhiteTeam "CHN"]
[BlackTeam "USA"]
[WhiteTeamCountry "CHN"]
[BlackTeamCountry "USA"]

{[%evp 15,45,20,73,10,43,18,25,19,17,14,30,6,8,8,27,16,16,21,22,26,32,10,20,-19,21,29,70,0,0,-54,-58,-56]} 1. e4 e6 2. d4 d5 3. Nc3 Nf6 4. e5 Nfd7 5. f4 c5 6. Nf3 b6 7. Ne2 {C11: French: Classical System: 4 e5 and 4 Bg5 dxe4} (7. Be2 Nc6 8. Be3 Be7 9. O-O O-O 10. Nb1 cxd4 11. Nxd4 Nxd4 12. Bxd4 f6 13. exf6 Bxf6 14. c3 Nc5 {½-½ (59) Leko,P (2740)-Nakamura,H (2787) Tromsoe 2014}) 7... Ba6 8. c3 Nc6 {[#] LiveBook: 16 Games} (8... g6 $11 {remains equal.}) 9. g3 (9. f5 $1 $16 {[%mdl 512] aiming for fxe6.} exf5 10. Nf4) 9... Rc8 10. a3 (10. f5 $5) 10... Be7 11. Bh3 g6 12. O-O Na5 $146 ({Predecessor:} 12... h5 13. Rf2 Bxe2 14. Qxe2 cxd4 15. cxd4 {1-0 (26) Rees,I (2193)-Spice,A (2161) Cardiff 2004}) 13. Rf2 Bc4 14. Be3 Nb3 15. Rb1 h5 16. Nc1 Nxc1 17. Rxc1 Nb8 18. b3 Ba6 19. c4 cxd4 20. Nxd4 {Bxe6 is the strong threat.} Bxa3 21. Nxe6 (21. Ra1 $14 Bb4 {[#]} 22. Nxe6 $1 {[%mdl 512]} fxe6 23. Bxe6) 21... fxe6 $11 22. Qc2 ({Better is} 22. Bxe6 $11 Bxc1 23. Qc2) 22... Qe7 23. Ra1 $1 {Precision: White = 39%, Black = 52%.} 1/2-1/2

[Event "World Team-ch 2017"]
[Site "Khanty-Mansyisk"]
[Date "2017.06.19"]
[Round "3"]
[White "Nepomniachtchi, Ian"]
[Black "Korobov, Anton"]
[Result "1-0"]
[WhiteElo "2732"]
[BlackElo "2711"]
[Annotator "TA"]
[PlyCount "67"]
[EventDate "2017.??.??"]
[EventType "team-tourn"]
[EventCountry "RUS"]
[SourceTitle "playchess.com"]
[Source "ChessBase"]
[SourceQuality "1"]
[WhiteTeam "RUS"]
[BlackTeam "UKR"]
[WhiteTeamCountry "RUS"]
[BlackTeamCountry "UKR"]

{[%evp 15,67,31,45,16,15,-6,24,22,24,0,25,22,58,43,44,48,43,39,34,48,52,41,54,11,10,21,18,10,13,19,297,274,286,287,329,150,534,532,712,709,669,690,687,677,879,823,1714,1744,6004,2490,29977,29978,29997,29998]} 1. e4 c5 2. Nf3 d6 3. d4 cxd4 4. Nxd4 Nf6 5. Nc3 a6 6. Bg5 Nbd7 7. Bc4 Qa5 8. Qd2 e6 9. Bb3 {B94: Sicilian Najdorf: 6 Bg5 Nbd7} Be7 10. O-O-O h6 (10... Nc5 11. Rhe1 Qc7 12. Kb1 h6 13. Bh4 O-O 14. Bg3 b5 15. e5 dxe5 16. Rxe5 {0-1 (83) Kasimdzhanov,R (2703)-Ponomariov,R (2706) Almaty 2016}) 11. Be3 {White has an edge.} Nc5 $146 ({Predecessor:} 11... Qc7 12. Bxe6 fxe6 13. Nxe6 Qa5 14. Nxg7+ Kf7 15. Nf5 Nxe4 16. Nxe4 Qxf5 17. Nxd6+ Bxd6 18. Qxd6 {1-0 (41) Thierry,R (2318)-Jaederholm,B (2397) ICCF email 2011}) 12. Kb1 Bd7 13. f3 Qc7 14. g4 {[%cal Bg2g4,Bg4g5,Bg5h6][%mdl 32]} b5 15. a3 Qb7 16. h4 a5 {White should prevent ...b4.} 17. g5 Nh5 18. gxh6 g6 {Threatening ...b4.} 19. Bg5 {And now Bxe7 would win.} f6 $1 {[%cal Rf6g5]} 20. Be3 b4 $1 21. axb4 axb4 22. Na2 $36 {[%mdl 2048] Bc4 is the strong threat. White has some pressure.} d5 $2 {[%mdl 8192]} (22... Qa6 $11 23. Qxb4 Nxb3 24. Qxb3 O-O) 23. Qg2 $18 Kf7 {With the idea ...Qa6.} 24. Rhg1 Rag8 25. Nxe6 (25. exd5 $18 {is more deadly.} exd5 26. Nc1) 25... Nxe6 $2 ({Not} 25... Bxe6 $2 26. exd5 Bf5 27. Bxc5 $18) (25... Nxb3 $16 {is a better chance.} 26. Ng7 (26. exd5 Na5 $14) 26... g5) 26. exd5 Nef4 27. d6+ Be6 28. Bxe6+ Nxe6 29. dxe7 Qxe7 {[#]} 30. Nxb4 $1 {[%mdl 512]} Qxb4 31. Rd7+ Ke8 32. Rgd1 {Threatening mate with f4!} Nf8 {[#]} 33. Qe2 $1 {[%mdl 512]} Ng3 34. Bc5+ {Precision: White = 65%, Black = 40%.} 1-0

[Event "World Team-ch 2017"]
[Site "Khanty-Mansyisk"]
[Date "2017.06.19"]
[Round "3"]
[White "Li, Chao b"]
[Black "Xiong, Jeffery"]
[Result "1/2-1/2"]
[WhiteElo "2720"]
[BlackElo "2658"]
[Annotator "TA"]
[PlyCount "110"]
[EventDate "2017.??.??"]
[EventType "team-tourn"]
[EventCountry "RUS"]
[SourceTitle "playchess.com"]
[Source "ChessBase"]
[SourceQuality "1"]
[WhiteTeam "CHN"]
[BlackTeam "USA"]
[WhiteTeamCountry "CHN"]
[BlackTeamCountry "USA"]

{[%evp 19,110,27,23,24,21,14,42,30,37,22,31,0,6,13,38,8,32,0,8,0,0,0,0,0,0,0,0,0,0,0,0,0,0,0,0,-12,0,0,48,54,47,42,43,0,0,0,0,0,0,0,187,14,14,0,0,0,0,0,0,0,0,0,0,0,0,0,0,0,0,0,0,0,0,0,0,0,0,0,0,0,0,0,0,0,0,0,0,0,0,0,0,0,0]} 1. d4 Nf6 2. c4 e6 3. Nf3 d5 4. Nc3 c5 5. e3 dxc4 6. Bxc4 a6 7. O-O b5 8. Be2 Bb7 9. dxc5 Qxd1 10. Rxd1 Bxc5 11. Nd2 {[%cal Bf3d2,Bd2b3,Bb3c5][%mdl 32] D27: Queen's Gambit Accepted: Classical main line: 7 e4!? and 7 a4} Be7 12. Nb3 Nc6 13. e4 {White is slightly better.} O-O 14. Be3 Rfd8 {[#]} ({Much weaker is} 14... b4 $6 15. Na4 $16) 15. Bb6 $146 ({Predecessor:} 15. Nc5 Bxc5 16. Bxc5 b4 {½-½ (51) Petrosyan,M (2546)-Edouard,R (2640) Minsk 2017}) 15... Rxd1+ 16. Rxd1 Kf8 (16... b4 $5 {[%cal Rb4c3]} 17. Na4 Nxe4 $11) 17. Nc5 Bc8 18. a3 Ke8 ({Don't play} 18... Rb8 $6 19. Bc7 $16) 19. Nxb5 (19. b4 {looks sharper.} Nd7 20. Nxd7 Bxd7 21. f4 Rc8 22. Rc1) 19... axb5 20. Bxb5 Bxc5 $1 21. Bxc6+ Bd7 22. Bxa8 Bxb6 23. h3 e5 24. b3 Ke7 25. a4 g5 26. Ra1 Bd4 27. Rc1 Kd6 28. a5 g4 29. hxg4 Nxg4 30. Rc2 $1 Bb5 31. Bb7 Bd3 32. Rd2 Nxf2 33. Rxf2 $11 {[%mdl 4096] Endgame KRB-KB} Kc5 $1 34. g4 {aiming for g5.} Bc2 $2 {[#]} (34... Kb5 $11) 35. a6 $2 ({Better is} 35. g5 $1 $18) 35... Kb6 {The position is equal.} 36. b4 {g5 is the strong threat.} Bd3 37. g5 {And now Kg2 would win.} Bxa6 38. Bd5 {Hoping for Kg2.} Bd3 39. Kg2 Bxf2 40. Kxf2 {[#] Threatens to win with Ke3. KB-KB} Kb5 41. Kf3 Kxb4 42. Bxf7 Bc4 $1 {[%cal Rc4f7]} 43. Bh5 Kc5 44. Ke3 Kd6 45. Bg4 Bf7 46. Bf5 Bg6 47. Kd3 Kc5 48. Be6 Kb4 49. Bd5 Be8 50. Bg8 Bg6 51. Be6 Be8 52. Bc8 Bf7 53. Bb7 (53. Bf5 $5 {[%cal Rf5h7]} Bg6 54. Ke2 $11) 53... Be8 54. Bd5 Bg6 55. Bg8 Kc5 {Precision: White = 64%, Black = 79%.} 1/2-1/2

[Event "World Team-ch 2017"]
[Site "Khanty-Mansyisk"]
[Date "2017.06.19"]
[Round "3"]
[White "Ponomariov, Ruslan"]
[Black "Svidler, Peter"]
[Result "1/2-1/2"]
[WhiteElo "2712"]
[BlackElo "2756"]
[Annotator "TA"]
[PlyCount "72"]
[EventDate "2017.??.??"]
[EventType "team-tourn"]
[EventCountry "RUS"]
[SourceTitle "playchess.com"]
[Source "ChessBase"]
[SourceQuality "1"]
[WhiteTeam "UKR"]
[BlackTeam "RUS"]
[WhiteTeamCountry "UKR"]
[BlackTeamCountry "RUS"]

{[%evp 20,72,22,11,22,17,13,11,11,11,11,12,8,1,11,8,16,0,5,11,20,11,16,10,49,0,0,0,0,0,0,-37,-37,-32,-6,-9,0,0,0,-4,33,24,27,27,25,0,0,0,0,0,0,0,0,0,0]} 1. e4 e5 2. Nf3 Nc6 3. Bb5 {[%cal Bf1b5,Bb5a4,Ba4b3][%mdl 32]} a6 4. Ba4 Nf6 5. O-O Be7 6. Re1 b5 7. Bb3 O-O 8. d4 d6 9. c3 Bg4 10. Be3 Bh5 11. Nbd2 {LiveBook: 97 Games} d5 {C91: Closed Ruy Lopez: 7...d6 8 c3 0-0 9 d4} 12. Bg5 {Black must now prevent Bxf6.} exd4 13. exd5 dxc3 14. dxc6 cxd2 15. Qxd2 Qxd2 16. Bxd2 Bd6 17. Nh4 {[#]} Rad8 $146 {And now ...Bxh2+! would win.} ({Predecessor:} 17... Bg6 18. Nxg6 hxg6 19. Re2 {½-½ (30) Smirnov,A (2482)-Bartel,M (2646) Baku 2016}) 18. Bc3 Bg4 19. h3 {[#] Bxf6 is the strong threat.} Bc8 20. Nf3 h6 21. a4 b4 22. Bxf6 gxf6 23. a5 Rfe8 24. Bc4 Kf8 25. b3 Rxe1+ 26. Rxe1 Bc5 27. Kf1 Rd6 28. Rc1 Ba7 29. Ne1 Rd2 30. Rc2 Rd1 31. Ke2 Ra1 32. Nd3 Rxa5 {The position is equal.} 33. Nxb4 Be6 34. Rd2 Re5+ 35. Kd1 a5 36. Nd5 Bxd5 $1 {Precision: White = 70%, Black = 68%.} 1/2-1/2

[Event "World Team-ch 2017"]
[Site "Khanty-Mansyisk"]
[Date "2017.06.19"]
[Round "3"]
[White "Fedoseev, Vladimir"]
[Black "Kravtsiv, Martyn"]
[Result "1/2-1/2"]
[WhiteElo "2703"]
[BlackElo "2653"]
[Annotator "TA"]
[PlyCount "108"]
[EventDate "2017.??.??"]
[EventType "team-tourn"]
[EventCountry "RUS"]
[SourceTitle "playchess.com"]
[Source "ChessBase"]
[SourceQuality "1"]
[WhiteTeam "RUS"]
[BlackTeam "UKR"]
[WhiteTeamCountry "RUS"]
[BlackTeamCountry "UKR"]

{[%evp 18,108,20,15,13,10,20,13,35,0,2,13,18,0,0,0,0,0,-8,-27,-31,-38,-41,-39,-39,-53,-20,-22,-20,-22,-25,-25,-22,-24,-22,-25,-13,-14,0,0,3,3,8,9,9,8,43,26,27,29,33,0,0,0,0,0,0,0,0,0,8,0,0,0,0,0,0,0,0,0,0,0,0,0,0,0,0,0,0,0,0,0,0,0,0,0,0,0,0,0,0,0,0]} 1. e4 e5 2. Nf3 Nc6 3. Bc4 Nf6 4. d3 Bc5 5. c3 O-O 6. Nbd2 a6 7. a4 d6 8. O-O Ba7 9. h3 Ne7 10. Re1 Ng6 {C54: Giuoco Piano: 4 c3 Nf6, main lines with 5 d4 and 5 d3} 11. d4 c6 12. Bf1 Be6 $146 ({Predecessor:} 12... a5 13. dxe5 dxe5 14. Qc2 Be6 15. Nc4 Qc7 {½-½ (84) Carlsen,M (2853)-Karjakin,S (2772) New York 2016}) 13. a5 exd4 14. cxd4 Re8 15. Ra4 h6 16. Qc2 Qd7 17. b3 Rac8 18. e5 Bf5 19. Qd1 Nd5 {[%cal Bf6d5,Bd5c7,Bc7b5][%mdl 32] [#] And now ...Nc3 would win.} 20. Bb2 Nc7 21. Ra1 dxe5 22. Nxe5 Nxe5 23. dxe5 Rcd8 24. Nc4 Qxd1 25. Raxd1 Nb5 26. Nb6 Be6 27. Bc4 Bxb6 28. axb6 c5 29. f4 Nd4 30. Bxd4 cxd4 31. Re4 g5 32. Rexd4 Rxd4 33. Rxd4 gxf4 $1 $14 {[%mdl 4096] Endgame KRB-KRB} 34. Bd3 a5 {The position is equal.} 35. Bb5 Rc8 36. b4 axb4 37. Rxb4 Rc5 38. Be2 (38. Ba6 $5 {[%cal Ra6b7]} Rc1+ 39. Kf2 Rc2+ 40. Be2 $11) 38... Kg7 39. h4 (39. Bf3 $5 {[%cal Rf3b7]} Bd5 40. Bxd5 (40. Rxf4 Bxf3 41. Rxf3 Rxe5 $11) 40... Rxd5 41. Re4 $11 (41. Rxf4 Rxe5 42. Rb4 Kg6 $11)) 39... Kg6 40. Ba6 Bc8 41. Bd3+ Bf5 42. Be2 Be6 43. Rxf4 Rxe5 44. Kf2 Rc5 45. Bd3+ Kg7 46. Ke2 Rc6 47. Rb4 $1 {Hoping for Be4.} Bd5 48. g4 Kf6 49. Ke3 (49. Rb5 $5 {[%cal Rb5d5]} Be6 50. Kf2 $11) 49... Re6+ 50. Kf4 (50. Kd4 $5 {[%cal Rd4d5]} Rd6 51. Ke3 $11) 50... Bg2 51. Rb5 Rd6 52. Be2 Bc6 53. Rb4 Rd2 54. Ke3 Rc2 {Precision: White = 58%, Black = 72%.} 1/2-1/2

[Event "World Team-ch 2017"]
[Site "Khanty-Mansyisk"]
[Date "2017.06.19"]
[Round "3"]
[White "Duda, Jan-Krzysztof"]
[Black "Ameir, Moheb"]
[Result "1-0"]
[WhiteElo "2697"]
[BlackElo "2399"]
[Annotator "TA"]
[PlyCount "85"]
[EventDate "2017.??.??"]
[EventType "team-tourn"]
[EventCountry "RUS"]
[SourceTitle "playchess.com"]
[Source "ChessBase"]
[SourceQuality "1"]
[WhiteTeam "POL"]
[BlackTeam "EGY"]
[WhiteTeamCountry "POL"]
[BlackTeamCountry "EGY"]

{[%evp 21,85,8,14,9,13,10,0,0,6,0,44,27,27,16,48,48,39,25,48,48,68,66,87,75,85,75,118,97,110,104,119,124,134,140,145,148,334,334,334,334,326,283,334,334,522,511,518,514,514,514,764,746,1083,1056,908,908,781,753,12841,12841,12842,12842,12842,12843,12843,1152]} 1. d4 Nf6 2. c4 e6 3. g3 c5 4. d5 exd5 5. cxd5 d6 6. Nc3 g6 7. Bg2 Bg7 8. Nf3 O-O 9. O-O Re8 10. Bf4 Ne4 11. Nxe4 Rxe4 12. Nd2 {A62: Modern Benoni: Fianchetto Variation without early ...Nbd7} Rxf4 13. gxf4 Bxb2 14. Rb1 {The position is equal.} Bg7 15. Nc4 (15. e4 Nd7 16. Qf3 b5 17. Rfe1 c4 18. e5 dxe5 19. Rxb5 Ba6 {1-0 (50) Matlakov,M (2684)-Bologan,V (2654) Poikovsky 2016}) 15... b6 16. Qb3 (16. Qa4 $5 {[%cal Rc4b6]} Ba6 17. e3 $14) 16... Ba6 17. Rfe1 Bxc4 18. Qxc4 Nd7 19. Qa6 $146 ({Predecessor:} 19. a4 Qh4 {½-½ (69) Markoja,B (2374)-Vykouk,J (2450) Celje 2016}) 19... Qc7 20. Rec1 $36 {[%mdl 2048] White has some pressure.} Re8 21. a4 f5 22. e3 Rc8 23. Bf1 h6 24. Rb3 Kh7 25. a5 Rb8 26. Rcb1 Rc8 27. axb6 Nxb6 {[#]} 28. Ra3 $1 c4 $2 (28... Qd8 $16 29. Qxa7 Ra8) 29. Qxa7 $18 c3 30. Bd3 c2 31. Rc1 Qd8 32. Rb3 ({Not} 32. Rxc2 Ra8 $14) 32... Qh4 (32... Nxd5 {was called for.} 33. Rb7 (33. Rxc2 Qh4 $11) 33... Nc7) 33. Be2 {White is clearly winning.} Nxd5 {intending ...Nc3.} 34. Rb7 Qf6 35. Bf3 Rc5 36. Bxd5 Rxd5 37. Rxc2 {[#] White wants to mate with Rcc7.} Rc5 38. Rxc5 dxc5 39. Qxc5 h5 40. Qe5 Qf8 41. Qe7 Qxe7 42. Rxe7 Kg8 43. Kg2 {Precision: White = 75%, Black = 34%.} (43. Rxg7+ $142 Kxg7 44. Kg2) 1-0

[Event "World Team-ch 2017"]
[Site "Khanty-Mansyisk"]
[Date "2017.06.19"]
[Round "3"]
[White "Vidit, Santosh Gujrathi"]
[Black "Zhigalko, Sergei"]
[Result "1/2-1/2"]
[WhiteElo "2692"]
[BlackElo "2635"]
[Annotator "TA"]
[PlyCount "98"]
[EventDate "2017.??.??"]
[EventType "team-tourn"]
[EventCountry "RUS"]
[SourceTitle "playchess.com"]
[Source "ChessBase"]
[SourceQuality "1"]
[WhiteTeam "IND"]
[BlackTeam "BLR"]
[WhiteTeamCountry "IND"]
[BlackTeamCountry "BLR"]

{[%evp 17,98,0,0,0,0,0,0,13,3,7,10,8,21,8,10,18,19,4,13,0,0,0,19,27,66,0,4,-24,-15,-107,-102,-102,-102,-102,-110,-112,-119,-121,-112,-152,-153,-141,-146,-145,-152,-178,-112,-97,-66,-130,-142,-125,-131,-130,-60,-66,-56,-68,-61,-85,-79,-103,-53,-98,-63,-72,-48,-30,0,0,0,0,0,-8,-8,-8,0,0,0,0,0,0,0]} 1. d4 Nf6 2. c4 e6 3. Nf3 b6 4. g3 Ba6 5. b3 Bb4+ 6. Bd2 Be7 7. Nc3 O-O 8. Bg2 c6 9. e4 d5 $1 10. exd5 {E15: Queen's Indian: 4 g3 sidelines, 4 g3 Ba6 and 4 g3 Bb7 early deviations} (10. Qe2 b5 11. e5 Ne8 12. cxb5 cxb5 13. Qe3 Nc6 14. Bf1 Rc8 15. Bd3 Nc7 16. Rc1 Ba3 17. Rd1 Be7 {1-0 (68) Topalov,V (2816)-Zhigalko,S (2656) Baku 2015}) 10... cxd5 11. Ne5 Bb7 12. O-O Nc6 13. Bf4 Rc8 14. Rc1 Ba3 15. Rc2 a6 16. Na4 Re8 17. Bg5 Be7 18. Re1 $146 dxc4 19. bxc4 h6 20. Be3 Bb4 {[#]} 21. Rf1 ({White should try} 21. Nxb6 $1 $14 {[%mdl 512]} Nxe5 (21... Qxb6 22. d5) 22. Bxb7 Qxb6 23. Bxc8) 21... Ba5 $11 22. Qb1 Qc7 23. Nd3 {[#]} (23. Bxc6 $11 {remains equal.} Bxc6 24. Qb3) 23... Nxd4 $1 $17 {[%mdl 512]} 24. Bxd4 Bxg2 25. Kxg2 {Hoping for Qb3.} Qc6+ 26. f3 {[%cal Ra4b6]} Qxa4 27. Bxf6 gxf6 28. Rfc1 Red8 29. Nf2 f5 30. g4 Bd2 31. Rg1 Bg5 (31... fxg4 $19 32. Nxg4 Rxc4 33. Rxc4 Qxc4) 32. gxf5 exf5 33. h4 {[#]} ({White should play} 33. f4 $1 $15) 33... Bf6 $1 ({But not} 33... Bxh4 $6 34. Kh3+ Bg5 35. f4 $11) 34. Qxb6 Rc6 35. Qb3 {[#]} Qxb3 (35... Qa5 $1 $17 36. Kh1+ Kf8) 36. axb3 $15 Rb6 37. c5 Rxb3 38. c6 Rc8 39. Rc5 Bd4 40. Rc4 Be3 41. Re1 a5 {aiming for ...a4!} 42. Nd1 f4 (42... Bb6 {is interesting.} 43. Nc3 Rb2+ 44. Re2 Rxe2+ 45. Nxe2 f6) 43. Nxe3 {The position is equal.} fxe3 $11 {[%mdl 4096] Endgame KRR-KRR} 44. f4 Rb4 (44... a4 $5) 45. Rxb4 axb4 46. Rc1 $1 Kf8 47. Kf3 Ke7 48. Kxe3 Kd6 49. Rc4 $1 Rxc6 {Precision: White = 52%, Black = 64%.} 1/2-1/2

[Event "World Team-ch 2017"]
[Site "Khanty-Mansyisk"]
[Date "2017.06.19"]
[Round "3"]
[White "Shankland, Samuel L"]
[Black "Ding, Liren"]
[Result "1/2-1/2"]
[WhiteElo "2676"]
[BlackElo "2783"]
[Annotator "TA"]
[PlyCount "56"]
[EventDate "2017.??.??"]
[EventType "team-tourn"]
[EventCountry "RUS"]
[SourceTitle "playchess.com"]
[Source "ChessBase"]
[SourceQuality "1"]
[WhiteTeam "USA"]
[BlackTeam "CHN"]
[WhiteTeamCountry "USA"]
[BlackTeamCountry "CHN"]

{[%evp 15,56,-1,-4,0,0,0,0,0,24,31,34,16,39,29,48,41,43,39,42,47,31,37,40,36,45,31,52,43,59,43,49,46,37,36,31,23,47,33,53,13,17,5,5]} 1. d4 Nf6 2. c4 e6 3. Nc3 Bb4 4. Nf3 O-O 5. Qc2 d5 6. a3 Bxc3+ 7. bxc3 c5 8. e3 Nc6 {LiveBook: 21 Games. E38: Nimzo-Indian: Classical: 4...c5} 9. cxd5 (9. Be2 Qc7 10. O-O dxc4 11. Bxc4 e5 12. Be2 Bg4 13. h3 Bh5 14. Bb2 e4 15. Nh2 Bxe2 16. Qxe2 cxd4 17. cxd4 Ne7 18. Rfc1 Qd7 19. a4 Rfc8 {0-1 (43) Atabayev,M (2492)-Moiseenko,A (2657) Doha 2016}) 9... exd5 10. dxc5 Qa5 11. Bd3 Qxc5 12. a4 {Hoping for Ba3.} Re8 13. Ba3 Qb6 $146 ({Predecessor:} 13... Qa5 14. O-O {0-1 (28) Pohlers,J (2106)-Berlinsky,V (2328) Dadaj 2005}) 14. O-O Na5 15. Ng5 {[%cal Rd3h7]} g6 $1 16. c4 Qb3 17. cxd5 {Threatens to win with Qc7.} Qxc2 $1 18. Bxc2 {Black must now prevent Rfd1.} h6 19. Nf3 Nxd5 20. Rfd1 Nb6 21. Bb4 {[%cal Ba3b4,Bb4e1,Be1c3][%mdl 32]} Nc6 22. Be1 Be6 23. a5 $36 {[%mdl 2048] White has some pressure.} Nc4 24. Rdc1 Rac8 25. Ba4 Bd5 26. Bc3 (26. Bb5 $5 {[%cal Rb5c4]} Nd6 27. Be2 $11) 26... Red8 27. Bxc6 Rxc6 28. Ne5 Nxe5 {Precision: White = 85%, Black = 62%.} 1/2-1/2

[Event "World Team-ch 2017"]
[Site "Khanty-Mansyisk"]
[Date "2017.06.19"]
[Round "3"]
[White "Sasikiran, Krishnan"]
[Black "Stupak, Kirill"]
[Result "1/2-1/2"]
[WhiteElo "2669"]
[BlackElo "2564"]
[Annotator "TA"]
[PlyCount "90"]
[EventDate "2017.??.??"]
[EventType "team-tourn"]
[EventCountry "RUS"]
[SourceTitle "playchess.com"]
[Source "ChessBase"]
[SourceQuality "1"]
[WhiteTeam "IND"]
[BlackTeam "BLR"]
[WhiteTeamCountry "IND"]
[BlackTeamCountry "BLR"]

{[%evp 15,90,12,12,12,12,12,12,12,12,12,12,12,12,12,12,12,12,12,12,12,12,12,12,0,12,12,70,12,17,0,0,0,0,0,0,0,33,0,25,4,43,43,60,57,93,58,70,52,52,43,66,0,64,57,61,58,61,62,61,68,65,70,72,-33,63,56,63,34,45,0,65,57,95,74,78,52,83]} 1. e4 e6 2. d4 d5 3. Nc3 Bb4 4. e5 c5 5. a3 Bxc3+ 6. bxc3 Qa5 7. Bd2 Qa4 8. Qb1 c4 9. g3 {C18: French: 3 Nc3 Bb4: Main line: 7 h4 and 7 Qg4} Nc6 10. Bg2 Bd7 11. Ne2 {The position is equal.} ({Don't play} 11. Qxb7 Rb8 $17) 11... O-O-O 12. O-O Nge7 13. Nf4 {[#]} Ng6 $146 ({Predecessor:} 13... h5 14. h4 Nf5 15. Qd1 g6 16. Nh3 Qa5 {1-0 (52) Vescovi,G (2640)-Rodriguez Vila,A (2523) Santos 2005}) 14. Nh5 Rhg8 15. Re1 Rdf8 16. Bh3 b6 17. Qd1 Kb7 18. Re3 Nce7 19. Re1 Bc8 20. Bg5 Qa5 ({Black should try} 20... h6 $11 21. Bd2 Re8) 21. Qf3 (21. a4 $1 $14) 21... Nc6 22. a4 h6 $1 {[%cal Rh6g5]} 23. Bf4 Nxf4 24. Nxf4 Ne7 25. Reb1 Bd7 26. Rb4 Kc7 27. Qe3 Rb8 28. Qc1 Qa6 29. Qa3 Nc8 30. Bg2 Bc6 31. Bf3 Rb7 32. Qb2 Ne7 33. Qa3 Nc8 $1 34. h4 (34. a5 $5 {[%cal Ra5b6]} Kb8 35. axb6 Qxa3 36. Rxa3 $11) 34... Kb8 35. Ng2 Ne7 36. Ne3 Rc8 37. Rbb1 Ka8 38. h5 Qa5 39. Qb2 (39. Bg2 $16) 39... Rcb8 (39... Bxa4 $15 40. Kh2 Qa6) 40. Qb4 $14 Be8 41. Nd1 Rc8 42. Ne3 Nc6 (42... Rcb8 $11) 43. Qa3 $1 Nb8 44. Kg2 Bc6 45. Rb4 Be8 {Precision: White = 41%, Black = 48%.} 1/2-1/2

[Event "World Team-ch 2017"]
[Site "Khanty-Mansyisk"]
[Date "2017.06.19"]
[Round "3"]
[White "Robson, Ray"]
[Black "Wei, Yi"]
[Result "1/2-1/2"]
[WhiteElo "2656"]
[BlackElo "2728"]
[Annotator "TA"]
[PlyCount "85"]
[EventDate "2017.??.??"]
[EventType "team-tourn"]
[EventCountry "RUS"]
[SourceTitle "playchess.com"]
[Source "ChessBase"]
[SourceQuality "1"]
[WhiteTeam "USA"]
[BlackTeam "CHN"]
[WhiteTeamCountry "USA"]
[BlackTeamCountry "CHN"]

{[%evp 22,85,16,21,19,7,2,17,12,10,16,14,15,-3,-9,-13,-9,-12,9,-22,0,0,18,9,28,28,33,22,35,35,35,35,35,35,35,35,53,39,73,47,46,46,108,73,107,81,75,59,65,0,106,68,103,39,38,47,50,42,42,10,10,10,18,0,1,10]} 1. e4 e5 2. Nf3 Nf6 3. Nxe5 d6 4. Nf3 Nxe4 5. Nc3 Nxc3 6. dxc3 Be7 7. Be3 Nc6 8. Qd2 Be6 9. O-O-O {C42: Petroff Defence: 3 Nxe5 and unusual White 3rd moves} Qd7 10. Kb1 Bf6 11. h4 O-O-O 12. Bg5 {LiveBook: 4 Games} Qe7 13. Qf4 h6 14. Bxf6 Qxf6 15. Qxf6 gxf6 {[#]} 16. Nd4 $146 ({Predecessor:} 16. Be2 Rde8 {0-1 (63) Sethuraman,S (2658)-Wang,Y (2718) Abu Dhabi 2016}) 16... Ne5 17. f3 Rde8 18. h5 Rhg8 19. b3 Bd7 20. Kc1 a6 21. a4 Kd8 22. Ne2 f5 23. Kd2 Ke7 24. Ke3 (24. Nf4 $5 {[%cal Rf4d5]}) 24... Kf6 {[#] White must now prevent ...Ng4+.} 25. Kf2 a5 26. Nf4 {And now Nd5+ would win.} Be6 27. Rd4 Nc6 28. Rd2 Ne7 29. Be2 (29. Bb5 $5 {[%cal Rb5e8]} c6 30. Be2 $14) 29... d5 30. Rhd1 c6 31. c4 Rg5 (31... b6 $14) 32. c5 Rgg8 33. Rd4 Ra8 34. Nd3 Rg5 35. Nf4 ({Better is} 35. Re1 $14) 35... Nc8 (35... Rgg8 $1 $11) 36. Rb1 b6 37. Nd3 (37. b4 $16) 37... bxc5 $14 38. Nxc5 Nb6 39. b4 axb4 $1 40. Rbxb4 Nd7 {The position is equal.} 41. Nxd7+ Bxd7 42. Rb7 Be6 43. f4 {Precision: White = 51%, Black = 48%.} 1/2-1/2

[Event "World Team-ch 2017"]
[Site "Khanty-Mansyisk"]
[Date "2017.06.19"]
[Round "3"]
[White "Areshchenko, Alexander"]
[Black "Vitiugov, Nikita"]
[Result "1/2-1/2"]
[WhiteElo "2652"]
[BlackElo "2720"]
[Annotator "TA"]
[PlyCount "62"]
[EventDate "2017.??.??"]
[EventType "team-tourn"]
[EventCountry "RUS"]
[SourceTitle "playchess.com"]
[Source "ChessBase"]
[SourceQuality "1"]
[WhiteTeam "UKR"]
[BlackTeam "RUS"]
[WhiteTeamCountry "UKR"]
[BlackTeamCountry "RUS"]

{[%evp 13,62,25,15,10,18,0,0,0,31,36,31,28,28,28,32,41,37,0,3,0,1,0,22,0,0,0,0,0,0,0,20,0,23,0,0,0,0,0,0,0,0,-8,0,0,2,0,0,0,12,0,0]} 1. e4 e5 2. Nf3 Nc6 3. Bc4 Bc5 4. O-O Nf6 5. d3 a6 6. a4 d6 7. c3 O-O 8. h3 {C54: Giuoco Piano: 4 c3 Nf6, main lines with 5 d4 and 5 d3} Ne7 9. Bg5 Ng6 10. Nh4 $146 ({Predecessor:} 10. d4 Ba7 11. dxe5 dxe5 12. Qxd8 Rxd8 13. Na3 Bd7 14. Nc2 Bc6 15. Bxf6 gxf6 {1-0 (54) Henriquez Villagra,C (2517)-Flores,D (2579) Doha 2016}) 10... Nxh4 11. Bxh4 h6 12. d4 {[#] Bxf6 is the strong threat.} Ba7 13. dxe5 dxe5 14. Nd2 Qe7 15. Bg3 Rd8 16. Qe2 Be6 17. Rad1 Nd7 {[%cal Bf6d7,Bd7f8,Bf8g6,Bg6e7][%mdl 32]} 18. a5 Nf8 19. Bxe6 Qxe6 20. Nc4 f6 21. Kh2 Ng6 22. b3 Bc5 23. Rxd8+ Rxd8 {The position is equal.} 24. Rd1 Rxd1 25. Qxd1 Qc6 26. Qg4 Ne7 27. h4 Kf8 28. Qf3 {Hoping for Nxe5.} Ke8 29. Qh5+ Kf8 30. Qf3 {Threatening Nxe5.} Ke8 31. Qh5+ Kf8 {Precision: White = 57%, Black = 74%.} 1/2-1/2